000 01488nam a2200385 a 4500
001 60178
003 BD-RJUL
005 20211209080818.0
008 161228s2008 dcua bs i001 0 eng
020 _a9780821375112 (alk. paper)
020 _a9780821375129 (ebook : alk. paper)
035 _aBD-RJUL 60302
035 _a(DLC)2008008389
035 _a(DNLM)101466794
035 _a15193947
040 _aDNLM/DLC
_cDLC
_dDLC
_beng
041 _aeng
060 1 0 _aWA 530.1
_bG646 2008
082 0 0 _a362.104252091724
_222
_bGOO 2008
245 0 0 _aGood practices in health financing :
_blessons from reforms in low and middle-income countries /
_cPablo Gottret, George J. Schieber, and Hugh R. Waters, editors.
260 _aWashington, DC :
_bWorld Bank,
_cc2008.
300 _axxiv, 504 p. :
_bill ;
_c23cm.
504 _aIncludes bibliographical references and index.
650 0 _aMedical care
_zDeveloping countries
_xFinance.
_9179164
650 0 _aHealth care reform
_xEconomic aspects
_zDeveloping countries
_9179165
650 0 _aMedical policy
_xEconomic aspects
_zDeveloping countries.
_9179166
650 0 _aMedical care, Cost of
_zDeveloping countries.
_9179167
650 0 _aHealth status indicators
_zDeveloping countries.
_9179168
700 1 _aGottret, Pablo E.
_q(Pablo Enrique),
_d1959-
_9178639
700 1 _aSchieber, George.
_9179169
700 1 _aWaters, Hugh.
_9179170
710 2 _aWorld Bank.
_9171728
942 _2ddc
_cBK
999 _c60178
_d60178